| 000 | 00584nam a2200241Ia 4500 | ||
|---|---|---|---|
| 008 | 170711s9999 xx 000 0 und d | ||
| 020 | _a9788179929216 | ||
| 050 | _a179.9 | ||
| 050 | _bF819 2009 | ||
| 100 | _aFrancis Xavier, Saint | ||
| 245 | 4 | _aThe world's best inspiring stories / | |
| 245 | _cby Saint Francis Xavier. | ||
| 260 | _aMumbai : | ||
| 260 | _bJaico, | ||
| 260 | _c2009 | ||
| 300 | _a164 pages : | ||
| 300 | _billustrations ; | ||
| 300 | _c21cm. | ||
| 650 | _aConduct of life. | ||
| 650 | _aSpiritual life. | ||
| 650 | _aVirtues. | ||
| 700 | _aTitle. | ||
| 999 |
_c339859 _d339859 |
||